000 01634nam0a2200313 4500
001 RU\NLR\BIBL_A\022645818
005 20260426080441.0
010 _92000
035 _a(NLR Aleph) 022645818
090 _a13696193
_c13696193
100 _a20251017d1978 e y0rusy50 ca
101 0 _atyv
102 _aRU
105 _aca z 000 y
181 0 _ai
_baxxe
182 0 _an
200 1 _aҮе
_eшүлүктер болгаш шүлүглел
_fКуулар Черлик-оол
203 _aТекст
_bвизуальный
_cнепосредственный
210 _aКызыл
_cТываның ном үндүрер чери
_d1978
215 _a60, [2] с.
_cпортр., ил.
_d14
300 _aБиогр. автора С. 2
330 _aВ своей второй книге молодой поэт предлагает читателям новые стихи разнообразной тематики. В них раздумья о нашем прекрасном времени, о роли человека в обществе, в преобразовании природы. Кроме стихов, в сборник вошли поэма "Радость", народные легенды "Ала-Белиг", "Арбайлыг арт", восьмистишья и присказки, скороговорки.
541 1 _aВремя
_zrus
_eстихи и поэма
686 1 _aШ9(2=Ту)7 я44
700 1 _aКуулар
_bЧ. Ч.
_f1940-
_gЧерлиг-оол Чашкынмаевич
_4070
852 _aNLR
_bОНЛ
_jТув./1-140
942 _cBOOK
980 _aNB